00771nam a22002417a 450000500170000001000410001702000260005803500170008403500130010103500130011403700310012703700130015808200110017124500770018225000110025926000340027027000600030430000250036450000510038965000290044065000380046970000220050720170426104306.0 a1516EN07 B-599121-138 ENG-115283 c699.00a9788126556175 aB-599121-138 aB-665208 aEN-98815 bAsian Book Centre/Venadpl bDBAD/PUB a658.15 aCorporate finance:cby Pierre Vernimmen...[et al]btheory and practice / a4th ed aNew Delhi bWiley Indiac2015 a4435-36/7, Ansari Road, Daryaganj, bNew Delhi e110002 axiv,980p.c26cm(pbk) aIncludes bibliographical references and index. aCorporations xFinance. a Business enterprises xFinance. aVernimmen, Pierre